| 000 | 01343cam a22003014a 4500 | ||
|---|---|---|---|
| 999 |
_c6781 _d6781 |
||
| 001 | 11956224 | ||
| 003 | OSt | ||
| 005 | 20210225104429.0 | ||
| 008 | 000328s2001 nyua b 001 0 eng | ||
| 010 | _a 00037822 | ||
| 020 | _a0521620708 | ||
| 040 |
_aDLC _cDLC _dDLC |
||
| 042 | _apcc | ||
| 082 | 0 | 0 |
_a576.8 THI 2001 _221 |
| 100 |
_aEdited by Rama S. Singh; [et...al] _913911 |
||
| 245 | 0 | 0 |
_aThinking About Evolution: _bhistorical, philosophical, and political perspectives |
| 260 |
_bCambridge University Press, _c2001. |
||
| 300 |
_axvii, 606 p. : _bill. ; _c25 cm. |
||
| 500 | _a"This is the second of two volumes published in honor of Richard Lewontin.... In this second volume of essays, we honor the philosophical, historical, and political dimensions of his work."--Introduction. | ||
| 504 | _aIncludes bibliographical references. | ||
| 650 | 0 |
_aEvolution _913605 |
|
| 650 | 0 |
_a Biology _95602 |
|
| 856 | 4 | 2 |
_3Publisher description _uhttp://www.loc.gov/catdir/description/cam021/00037822.html |
| 856 | 4 | 1 |
_3Table of contents _uhttp://www.loc.gov/catdir/toc/cam026/00037822.html |
| 906 |
_a7 _bcbc _corignew _d1 _eocip _f20 _gy-gencatlg |
||
| 942 |
_2ddc _cO_SHELF |
||